| 000 | 00785nam a2200217 a 4500 | ||
|---|---|---|---|
| 001 | 000020095 | ||
| 005 | 20200929170249.0 | ||
| 008 | 100720s1965 ag 001 f spa d | ||
| 040 |
_aDO-SdBNP _bspa _cBNPHU |
||
| 082 |
_a863.6 _bP438c, 1965 |
||
| 100 | 1 |
_aPérez de Ayala, Ramón, _d1880-1962 _915031 |
|
| 245 | 1 | 3 |
_aEl curandero de su honra : _bsegunda parte de "Tigre Juan" / _cRamón Pérez de Ayala. |
| 250 | _a4a ed. | ||
| 260 |
_aBuenos Aires, Argentina : _bEspasa-Calpe Argentina, _c1965. |
||
| 300 |
_a146 p. ; _c18 cm. |
||
| 490 | 1 |
_aAustral. Azul: novelas y cuentos en general _v210 |
|
| 500 | _aIncluye índice de autores. | ||
| 650 | 4 |
_aNovela española _91123 |
|
| 650 | 4 |
_aLiteratura española _9632 |
|
| 830 | 0 |
_aAustral. Azul: novelas y cuentos en general ; _v210 _922386 |
|
| 999 |
_c19603 _d19603 |
||